000 00469nam a2200157 4500
001 138086
003 ES-MaACL
005 20230906195512.0
007 t|
008 070214s1968 sp r ||||1| spa d
100 1 _aSánchez-Ocaña, Ramón.
_9102815
245 1 4 _aLas piraguas
_b: descenso internacional del Sella /
_cRamón Sánchez-Ocaña.
260 _aOviedo :
_bNaranco,
_c1968.
300 _a145 p., 30 lám. ;
_c21 cm.
852 _aES-MaACL
_jC-49871
_bR.67567
999 _c138086
_d138086